<?xml version="1.0" encoding="UTF-8"?>
<marc:record xmlns:marc="http://www.loc.gov/MARC21/slim">
   <marc:leader>00000nam a2200000 a 4500</marc:leader>
   <marc:datafield ind1=" " ind2=" " tag="653">
      <marc:subfield code="a">Bergsteigen</marc:subfield>
   </marc:datafield>
   <marc:datafield ind1=" " ind2=" " tag="653">
      <marc:subfield code="a">Schifahren</marc:subfield>
   </marc:datafield>
   <marc:datafield ind1="0" ind2="0" tag="245">
      <marc:subfield code="a">Mount St. Elias</marc:subfield>
   </marc:datafield>
   <marc:datafield ind1="0" ind2="0" tag="245">
      <marc:subfield code="b">Ein eisiges Abenteuer auf Leben und Tod</marc:subfield>
   </marc:datafield>
   <marc:datafield ind1=" " ind2="1" tag="264">
      <marc:subfield code="c">2011</marc:subfield>
   </marc:datafield>
   <marc:datafield ind1="1" ind2=" " tag="520">
      <marc:subfield code="a">Im Mai 2007 brechen die österreichischen Skialpinisten Axel Naglich und Peter Ressmann in den arktischen Sommer von Alaska auf. Sie wollen dort mit dem amerikanischen Freeskier Jon Johnston den 5489 Meter hohen Mount St. Elias bezwingen und anschließend vom Gipfel erstmalig die mit 35 Kilometer längste Skiabfahrt der Welt bis auf Meereshöhe wagen. Ein verrücktes Unternehmen, das alle Beteiligten an die Grenzen ihrer körperlichen und mentalen Kräfte bringt.</marc:subfield>
   </marc:datafield>
   <marc:datafield ind1=" " ind2=" " tag="020">
      <marc:subfield code="a">9786680055943</marc:subfield>
      <marc:subfield code="9">9786680055943</marc:subfield>
   </marc:datafield>
   <marc:datafield ind1=" " ind2=" " tag="020">
      <marc:subfield code="a">6680055946</marc:subfield>
      <marc:subfield code="9">6680055946</marc:subfield>
   </marc:datafield>
   <marc:datafield ind1=" " ind2=" " tag="041">
      <marc:subfield code="a">ger</marc:subfield>
   </marc:datafield>
   <marc:datafield ind1=" " ind2=" " tag="338">
      <marc:subfield code="a">Videodisk</marc:subfield>
   </marc:datafield>
   <marc:datafield ind1=" " ind2=" " tag="300">
      <marc:subfield code="a">1 Karte</marc:subfield>
   </marc:datafield>
</marc:record>
